000
00307nam a22001337a 4500
008
170127b xxu||||| |||| 00| 0 eng d
020
_a
9780198510987
041
_a
eng
080
_2
3RD
_a
61
100
_a
3
101
_a
SHM
245
_a
OXFORD TEXTBOOK OF PALLIATIVE MEDICINE
_c
DOYLE, D
942
_2
udc
_c
BK
999
_c
3835
_d
3835